000 00277nam a22001337a 4500
003 SGT
082 _a612
_bC14J
100 _aJAIN,A.K
245 _aCONCISE PRACTICAL PHYSIOLOGY
260 _aDELHI
_bARYA PUB
_c2009
300 _a100
650 _aPHYSIOLOGY
942 _2ddc
_cBK
_07
999 _c8507
_d8507